Es La hora de la serenidad y el coraje /

שמור ב:
מידע ביבליוגרפי
מחבר ראשי: Castro Ruz, Fidel
פורמט: Texto
נושאים:
תגים: הוספת תג
אין תגיות, היה/י הראשונ/ה לתייג את הרשומה!

MARC

LEADER 00000 a a2200000 04500
001 2664
003
040
100 |a Castro Ruz, Fidel  
245 |a Es La hora de la serenidad y el coraje /  |c Fidel Castro Ruz 
500 |a Discurso pronunciado en la Tribuna Abierta de la Revolución, San Antonio de los Baños, La Habana, 22 setiembre 2001  
650 |a TERRORISMO  
650 |a GUERRA  
773 |g volumen 42, número 225; páginas 36-38  
999 |c 37853  |d 37853